00417nam a2200145Ia 4500008004100000020002200041041000800063082001800071100001800089245007600107250001200183260003900195300001000234650002700244230711s9999||||xx |||||||||||||| ||und|| a978-81-7409-250-2 aENG a621.106bVA-T aVasandani,V.P 0aTheory and Design of Hydraulic Machines including Basic Fluid Mechanics a2nd Ed. c2015aNew DelhibKhanna Publishers a624p. aMechanical Engineering